000
00304nam a22001337a 4500
020
_a
0860360407
082
_a
320.96 67 OCR
100
_a
OCRAN,A K
245
_a
Politics of the sword
260
_a
London
_b
Billing and Sons
_c
1977
300
_a
167pg
_b
20cm
500
_a
Including Index
942
_c
BK
999
_c
15881
_d
15881